Responses for Show #7661 - Monday, December 25, 2017

Contestants

[<< previous game]

Charlie Harless, a procurement analyst from Washington, D.C.

Natalie Ballas, a dentist from Tualatin, Oregon

Donna Brown, a customer service representative from Seattle, Washington (whose 1-day cash winnings total $45,600)

[next game >>]

Jeopardy! Round responses

DOONESBURY POLITICAL SYMBOLS
MOUNTAINS NAMED FOR PEOPLE
BROTHERS
ONE-WORD BOOK TITLES
THE CITRUS BOWL
THE BEST VOCABULARY
    $200 1
(Donna: Who is Nixon?)
(Natalie: Who is Taft?)

Bill Clinton

DonnaNatalie
Triple Stumper
    $200 22
McKinley

Charlie
    $200 9
Glee

Natalie
    $200 2
(Donna: What is Ulysses?)

Dubliners

DonnaCharlie
    $200 4
oranges

Natalie
    $200 14
A1

Natalie
    $400 25
Newt Gingrich

Charlie
    $400 23
Rainier

Natalie
    $400 10
black sheep

Donna
    $400 3
(Charlie: What is Gone With the Wind?)

Scarlett

NatalieCharlie
    $400 5
limes

Natalie
    $400 15
a premium

Natalie
    $600 26
George W. Bush

Triple Stumper
    $600 24
New Zealand

Charlie
    $600 11
the Hound

Triple Stumper
    $3,000 19
Contact

Donna
    $600 6
lemons

Donna
    $600 16
splen-

Donna
    $800 27
Max Headroom

Donna
    $800 29
Mount Hood

Natalie
    $800 12
Nicolas Cage

Donna
    $800 20
Kidnapped

Donna
    $800 7
grapefruits

Natalie
    $800 17
top shelf (or top drawer)

Natalie
    $1000 28
Dan Quayle

Donna
    $1000 30
(Donna: What is Vermont?)

New Hampshire

Donna
Triple Stumper
    $1000 13
Seven Brides for Seven Brothers

Natalie
    $1000 21
Utopia

Donna
    $1000 8
kumquats

Triple Stumper
    $1000 18
paragon

Donna

Scores at the first commercial break (after clue 15):

Donna Natalie Charlie
$1,400 $3,400 -$200

Scores at the end of the Jeopardy! Round:

Donna Natalie Charlie
$8,600 $5,400 $1,000

Double Jeopardy! Round responses

(Alex: Now, this year is the 20th anniversary of the film...)
TITANIC
MY HEART WILL GO ON
I'M THE KING OF THE WORLD
ROSE
"JACK"
THERE IS ROOM ON THAT BOARD!
    $400 6
James Cameron

Charlie
    $400 11
your driver's license

Natalie
    $400 16
Louis XIV

Donna
    $400 24
Picasso

Donna
    $400 1
Jack Frost

Natalie
    $400 19
the shareholders

Donna
    $800 7
Molly Brown

Donna
    $800 12
your brain

Natalie
    $800 17
Peter the Great

Triple Stumper
    $800 25
rose gold

Natalie
    $800 2
the jackalope

Donna
    $800 20
quorum

Natalie
    $1200 8
2012

Donna
    $1200 13
Dick Cheney

Natalie
    $1200 18
(Natalie: Who is Kamehameha?)

Lili'uokalani

Natalie
Triple Stumper
    $1200 26
(Natalie: What is the War of the Roses?)
(Charlie: What is the Rose Bowl?)

the Tournament of Roses Parade

NatalieCharlie
Triple Stumper
    $1200 3
Cracker Jack

Charlie
    $1200 21
Post

Donna
    $1600 9
Gloria Stewart

Charlie
    $5,000 14
your rib cage

Natalie
    $1600 29
Philip

Triple Stumper
    $1600 27
the Philippines

Donna
    $1600 4
(Alex: And that would be [*]. Day of [*].)

the Jackal

Triple Stumper
    $1600 22
the compensation committee

Triple Stumper
    $3,000 10
Valentine's Day

Charlie
    $2000 15
Christiaan Barnard

Donna
    $2000 30
Egypt

Donna
    $2000 28
(Umberto) Eco

Donna
    $2000 5
(Alex: Birling is log rolling, so we're talking about [*].)

lumberjacks

Triple Stumper
    $2000 23
the Smithsonian

Triple Stumper

Scores at the end of the Double Jeopardy! Round:

Donna Natalie Charlie
$21,400 $12,400 $6,000

[wagering suggestions for these scores]

Final Jeopardy! Round responses

AUTHORS
(Alex: [To Charlie] Thinking of Alice's Adventures in Wonderland.)
CharlieWho is Lewis Carroll?
$2,500
NatalieWho is Lewis Carroll?
$0
DonnaWho is C S Lewis?
$10,000
Lewis Carroll

Final scores:

Donna Natalie Charlie
$11,400 $12,400 $8,500
2nd place: $2,000 New champion: $12,400 3rd place: $1,000

Game dynamics:

Coryat scores:

Donna Natalie Charlie
$19,000 $9,000 $5,000
21 R
(including 1 DD),
3 W
18 R
(including 1 DD),
3 W
8 R
(including 1 DD),
2 W

Combined Coryat: $33,000

[game clues] [game scores] [suggest correction]

Game tape date: 2017-09-06
The J! Archive is created by fans, for fans. Scraping, republication, monetization, and malicious use prohibited; this site may use cookies and collect identifying information. See terms. The Jeopardy! game show and all elements thereof, including but not limited to copyright and trademark thereto, are the property of Jeopardy Productions, Inc. and are protected under law. This website is not affiliated with, sponsored by, or operated by Jeopardy Productions, Inc. Join the discussion at JBoard.tv.